=LDR 00000nam 2200000 4500 =001 INLIS000000000015745 =005 20200813092719 =035 ##$$a 0010-061300000015745 =008 200813################g##########0#ind## =041 ##$$a Ind =082 ##$$a 2x7.3 =090 ##$$a 2x7.3, Agu I =100 ##$$a Agus, Bustanudin =245 1#$$a Al-Islami, : $b Buku Pedoman Kuliah Mahasiswa untuk mata Ajaran Pendidikan Agama Islam, /$c Dr.Bustanudin Agus,MA =260 ##$$a Jakarta :$b Raja Grafindo,$c 1993 =300 ##$$a VIII,174 hlm, ; $c 14 x21 cm =650 #4$$a Islam-Pendidikan =850 ##$$a NBPNMAT =020 ##$$a 979-421-375-6 =084 ##$$a 2x7.3 AGU a =250 ##$$a ed.1., cet.1 =504 ##$$a Bibliografi : hlm, 171 =990 ##$$a 98.816/pro96 =990 ##$$a 98.817/pro96 =990 ##$$a 0001/BPAP-NTB/2016 =990 ##$$a 64.618 pb.94 =990 ##$$a 98.816/pro96 =990 ##$$a 98.817/pro96